000 00852nam a2200205 i 4500
001 28000
003 ES-MaACL
005 20230906153737.0
007 t|
008 030116s1914 xxu ||||1| eng d
080 _a94(72)
100 1 _aBancroft, Hubert Howe.
_925168
245 1 0 _aHistory of Mexico
_b: being a popular history of the mexican people from the earliest primitive civilization at the present time /
_cby Hubert Howe Bancroft.
260 _aNew York :
_bThe Bancroft Company,
_c1914.
300 _aVII, 581 p. :
_bmap., il. ;
_c20 cm.
500 _aTabla cronológica de los mandatarios de Mexico y fechas en que desempeñaron su cargo : p. [569]-574.
500 _aEste volumen se publicó en 1887 bajo el título de : A popular history of the Mexican People.
651 0 4 _aMéxico-
_xHistoria.
_99062
852 _aES-MaACL
_jE-13185
999 _c28000
_d28000